| 000 | 00584nam a22001937a 4500 | ||
|---|---|---|---|
| 999 |
_c16885 _d16885 |
||
| 003 | AR-CdUCM | ||
| 008 | 190506b ||||| |||| 00| 0 spa d | ||
| 040 |
_aMUNICIPALIDAD PROVINCIAL DEL CUSCO _cBIBLIOTECA MUNICIPAL DEL CUSCO |
||
| 082 |
_a985.009 / _bBH |
||
| 110 |
_aBiblioteca Hombres del Perú _936611 |
||
| 245 | _aSanta Rosa de Lima / | ||
| 260 |
_aLima : _bBHP, _c1964. |
||
| 300 |
_a93 páginas ; _c20 cm. |
||
| 505 | _aSanta Rosa de Lima -- San Martin de Porrres... | ||
| 650 |
_aSanta Rosa. _936612 |
||
| 650 |
_aSan Martin. _9306 |
||
| 942 |
_2ddc _cLIBROS |
||
| 945 | _awfj | ||